| 000 | 00413cam a2200157ua 4500 | ||
|---|---|---|---|
| 041 |
_aeng _h |
||
| 082 |
_a690 _bESL/MA |
||
| 100 | _aEslick, C A R . | ||
| 245 |
_aMathematics for Secondary Technical Schools of Building / _cW Hatten. _hTextual Documents |
||
| 260 |
_a : _bEnglish University Press , _c1956. |
||
| 300 | _a169 ; . | ||
| 504 | _a | ||
| 700 | 1 | _aHatten, W . | |
| 942 | _cBK | ||
| 999 |
_c3310 _d3310 |
||